| 000 | 00347nam a2200121Ia 4500 | ||
|---|---|---|---|
| 008 | 220901s9999||||xx |||||||||||||| ||und|| | ||
| 082 | _a005.74 MUT | ||
| 100 | _aMuthaiah, Sarvanan | ||
| 245 | 0 | _aJournal of information systems and management | |
| 250 | _aVol. 2 Issue No. 1,2 & 3 | ||
| 260 |
_bDline Journal _c2012 |
||
| 650 | _aDatabase Management | ||
| 999 |
_c193533 _d193533 |
||